000 00226nam a2200097Ia 4500
001 716132
005 20250826162938.0
008 250824s9999 xx 000 0 und d
245 0 _aODYSSEİA
_cHOMEROS
260 _bPANAMA YAYINLARI
999 _c716132
_d716132